| 000 | 00551nam a22002177a 4500 | ||
|---|---|---|---|
| 999 |
_c4072 _d4072 |
||
| 001 | 4072 | ||
| 003 | BD-JhCC | ||
| 005 | 20171122190136.0 | ||
| 008 | 171122s1957 ru ac||| |||| 000 0 eng d | ||
| 035 | _a(BD-JhCC)4072 | ||
| 040 |
_aBD-JhCC _dBD-JhCC |
||
| 041 | _aeng | ||
| 082 |
_a823.914 _bKAS 1957 |
||
| 100 | _aKassil, Lev | ||
| 245 |
_aThe Hero's Brother / _cLev Kassil |
||
| 260 |
_aRussia : _bForeign Language Publishing House , _c1957. |
||
| 300 |
_a78 p. : _bill. ; _c23 cm. |
||
| 650 | _aShort Stories | ||
| 942 |
_2ddc _cBK |
||